000 00826nam a22002417a 4500
001 9603
003 FISKH
005 20260126093516.0
008 260126b cb ||||| |||| 00| 0 eng d
020 _a9781789098754
040 _aFISKH
_beng
_cFISKH
_dFISKH
050 _aPS3619 .C4848
082 _a813.6
100 _aSchwab, Victoria
_eAuthor
245 _aThe invisible life of Addie LaRue /
_cV.E. Schwab
260 _aLondon :
_bTitan Books ,
_c2020
300 _a545 pages :
_c20 cm
520 _aMaking a Faustian bargain to live forever but never be remembered, a woman from early eighteenth-century France endures unacknowledged centuries before meeting a man who remembers her name.
650 _aHistorical fiction
_vImmortality
650 _aMagical realism
_vMemory
942 _2ddc
_cBK
_n0
999 _c9603
_d9603